| 000 | 00576nam a22001697a 4500 | ||
|---|---|---|---|
| 999 |
_c168840 _d168840 |
||
| 005 | 20191029144032.0 | ||
| 010 | _aENG-126725 | ||
| 020 |
_a9789387989436 _c120.00 |
||
| 035 | _aEN-110257 | ||
| 037 | _bDBAD/PUB | ||
| 082 | _aS | ||
| 245 |
_aMoments sweet and sour : _ced.by Anand Prakash _banthology of contemporary Indian short stories / |
||
| 260 |
_aNew Delhi _bSahitya Akadmi _c2018 |
||
| 270 |
_aRabindra Bhavan _b 35, Ferozshah Road,New Delhi _e110001 _k011-23386626/27/28 _msecretary@sahitya.akademi.gov.in |
||
| 300 |
_aix;114p. _c22cm(pbk) |
||
| 942 |
_2ddc _cEN _hS _mMOM |
||